| 000 | 00000nam##2200000za#4500 |
| 001 | 9.635910 |
| 003 | CaOODSP |
| 005 | 20210624220501 |
| 007 | cr ||||||||||| |
| 008 | 150407|2008||||xxc|||||o f|0| 0 fre|d |
| 020 | |a978-1-100-90271-5 |
| 040 | |aCaOODSP|bfre |
| 043 | |an-cn--- |
| 086 | 1 |aV32-211/2008F-PDF |
| 110 | 1 |aCanada. |bAnciens combattants Canada. |
| 245 | 10|aAnciens Combattants au service de la Gendarmerie royale du Canada |h[ressource électronique] |
| 250 | |aRévision |
| 260 | |aCharlottetown - Ile du Prince-Édouard : |bAnciens Combattants Canada |cAvril 2008. |
| 300 | |a19p.|btableaux |
| 500 | |aLe n° de catalogue (V32-125/2003) et l'ISBN (0-662-67815-X) imprimés dans cette publication sont incorrects. |
| 590 | |a11-13-Supp|b2011-08-04 |
| 775 | 08|tVeterans Affairs in service to the Royal Canadian Mounted Police |w(CaOODSP)9.691583 |
| 856 | 40|ahttp://publications.gc.ca|qPDF|s460 Ko|uhttps://publications.gc.ca/collections/collection_2011/acc-vac/V32-211-2008-fra.pdf |